Štatistické porovnanie vývoja ekonomiky Slovenska pred a po januári 2008 diplomová práca

Saved in:
Bibliographic Details
Main Author: Huterová, Erika
Corporate Author: Fakulta hospodárskej informatiky EU. Katedra štatistiky
Other Authors: Sipková, Ľubica, 1962-
Format: Book
Language:Slovak
Published: Bratislava 2010
Tags: Add Tag
No Tags, Be the first to tag this record!

MARC

LEADER 00000nam$a2200000$$$4500
001 0118825
005 20240318123551.5
041 0 |a slo 
044 |a SK 
245 1 0 |a Štatistické porovnanie vývoja ekonomiky Slovenska pred a po januári 2008  |b diplomová práca  |c Erika Huterová ; škol. Ľubica Sipková 
264 1 |a Bratislava  |c 2010 
300 |a 68 s. 
100 1 |a Huterová, Erika 
700 1 |a Sipková, Ľubica, 1962- 
710 2 |a Fakulta hospodárskej informatiky EU. Katedra štatistiky